[Event "Prague zt"]
[Site "Prague"]
[Date "1985.??.??"]
[Round "8"]
[White "Csom, Istvan"]
[Black "Sznapik, Aleksander"]
[Result "1-0"]
[WhiteElo "2480"]
[BlackElo "2450"]

1.Nf3 g6 2.d4 Bg7 3.c4 Nf6 4.g3 O-O 5.Bg2 d6 6.Nc3 Nc6 7.O-O a6 8.Qd3 Bg4
9.d5 Nb4 10.Qd2 a5 11.h3 Bxf3 12.Bxf3 Qc8 13.Bg2 c6 14.a3 Na6 15.Rb1 Nd7
16.Qc2 Nb6 17.dxc6 bxc6 18.Na4 Rb8 19.Nxb6 Rxb6 20.Bd2 a4 21.Qxa4 Nc5 22.Qc2 Nb3
23.Bb4 Nd4 24.Qd3 c5 25.e3 Ne6 26.Bd2 Rxb2 27.Rxb2 Bxb2 28.Rb1 Bf6 29.a4 Nc7
30.a5 d5 31.cxd5 Ne8 32.a6 c4 33.Qa3 Nd6 34.a7 Qa8 35.Qa6 c3 36.Bc1 c2 37.Rb6 Kg7
38.Qa4 Rd8 39.Ra6 Qb7 40.Rc6 Ra8 41.Qxc2 Rxa7 42.Kh2 Ra1 43.h4 Qa8 44.Bb2 Ra2
45.Bxf6+ exf6 46.Qb1 Nf5 47.Rc2 Rxc2 48.Qxc2 Qa3 49.Bf3 Nd6 50.Kg2 f5 51.Qc7 h5
52.Qb6 Kf8 53.Qd4 Ke7 54.Be2 Qa2 55.Qe5+ Kd7 56.Bf3 Qc4 57.Qf6 Qb4 58.Bd1 Qe4+
59.Bf3 Qb4 60.Qe5 Qc4 61.Qb2 Qc5 62.Qb3 Ke7 63.Qa4 Qc3 64.e4 fxe4 65.Bxe4 Qe5
66.Bf3 Kf6 67.Qb4 Kg7 68.Qd2 Kf6 69.Qc1 Kg7 70.Kf1 Qf6 71.Kg2 Qe5 72.Qc7 Qf6
73.Qb8 Nc4 74.Qa7 Nd6 75.Qa3 Nc4 76.Qd3 Nd6 77.Bd1 Qe5 78.Be2 Qb2 79.Qe3 Qf6
80.Qf4 Qe7 81.Qd4+ Kg8 82.Bd3 Nb7 83.Qf4 Kg7 84.Kf3 Nd6 85.Qd4+ Kg8 86.Qe3 Qf6+
87.Qf4 Qe7 88.Qg5 Qe8 89.Qf6 Qb8 90.Bxg6 Qb3+ 91.Ke2 Qa2+ 92.Ke3 Nc4+ 93.Kd3 Nb2+
94.Ke2 Nc4+ 95.Kf1 fxg6 96.Qxg6+ Kf8 97.Qxh5 Qa1+ 98.Kg2 Qd1 99.Qh6+ Kg8
100.Qg6+ Kh8 101.Qh6+ Kg8 102.Qe6+ Kh8 103.Kh3 Qd3 104.Kg4 Nd2 105.Qf5 Qc4+
106.Kh5 Qd4 107.Qf8+ Kh7 108.Qf7+ Kh8 109.Qf8+ Kh7 110.Qe7+ Kg8 111.Kh6 Qb6+
112.d6  1-0

[Event "Reykjavik"]
[Site "Reykjavik"]
[Date "1985.??.??"]
[Round "8"]
[White "Thorsteins, Karl"]
[Black "Van der Wiel, John TH"]
[Result "0-1"]
[WhiteElo "2400"]
[BlackElo "2500"]

1.d4 Nf6 2.c4 g6 3.Nf3 Bg7 4.g3 O-O 5.Bg2 d6 6.O-O Nc6 7.Nc3 a6 8.h3 Rb8
9.e4 b5 10.e5 Nd7 11.cxb5 axb5 12.Ng5 Nxd4 13.Qxd4 Nxe5 14.Qh4 h6 15.Nf3 Nxf3+
16.Bxf3 g5 17.Qh5 b4 18.Ne4 Bf5 19.Bg2 d5 20.Rd1 e6 21.f4 Bg6 22.Qe2 Qe8
23.Nf2 Qb5 24.Qxb5 Rxb5 25.Bf1 Ra5 26.Bd3 Bxd3 27.Nxd3 c5 28.fxg5 b3 29.Bd2 Rxa2
30.Rxa2 bxa2 31.gxh6 Bd4+ 32.Kf1 c4 33.Nb4 Bxb2 34.Nxa2 Ra8 35.Nc3 d4 36.Ne4 c3
37.Bf4 c2 38.Re1 d3 39.Nc5 Ra3 40.Bd2 Bc3 41.Ne4 Bxd2 42.Nxd2 Ra5  0-1

[Event "BUL-ch"]
[Site "Sofia"]
[Date "1985.??.??"]
[Round "13"]
[White "Danailov, Silvio"]
[Black "Tringov, Georgi P"]
[Result "0-1"]
[WhiteElo "2445"]
[BlackElo "2460"]

1.Nf3 g6 2.d4 Bg7 3.c4 Nf6 4.g3 O-O 5.Bg2 d6 6.O-O Nbd7 7.Nc3 e5 8.e4 a6
9.Re1 exd4 10.Nxd4 Ne5 11.b3 c5 12.Nc2 Rb8 13.h3 Ne8 14.Bb2 b5 15.cxb5 axb5
16.f4 Nc6 17.e5 Ne7 18.Ne4 Nf5 19.Ne3 Nxe3 20.Rxe3 Bb7 21.Rd3 Bxe4 22.Bxe4 Qe7
23.Rd5 dxe5 24.fxe5 Nc7 25.Rd7 Qg5 26.Rxc7 Bxe5 27.Bxe5 Qxe5 28.Rd7 Qxe4
29.Qd5 Qe3+ 30.Kh2 Rbe8 31.Rg1 Re7 32.Rg2 Rxd7 33.Qxd7 b4 34.Qd5 Re8 35.Rc2 Re5
36.Qg2 h5 37.h4 Kg7 38.Qf2 Qxf2+ 39.Rxf2 Re3 40.Kg2 Rc3 41.Re2 Kf6 42.Kf2 Kf5
43.Kg2 f6 44.Rf2+ Ke5 45.Re2+ Kd4 46.Re6 Rc2+ 47.Kh3 Rxa2 48.Rxf6 Kc3 49.Rxg6 Kxb3
50.Rg5 c4 51.Rxh5 c3  0-1

[Event "Tbilisi"]
[Site "Tbilisi"]
[Date "1985.??.??"]
[Round "?"]
[White "Sturua, Zurab"]
[Black "Gufeld, Eduard"]
[Result "1/2-1/2"]
[WhiteElo "2420"]
[BlackElo "2470"]

1.d4 Nf6 2.c4 g6 3.Nf3 Bg7 4.g3 O-O 5.Bg2 d6 6.O-O c5 7.Nc3 Nc6 8.dxc5 dxc5
9.Be3 Qa5 10.Qa4 Qxa4 11.Nxa4 b6 12.Nc3 Bb7 13.Rac1 Rad8 14.h3 Rd7 15.Rfd1 Rfd8
16.Rxd7 Rxd7 17.Ne1 Ne8 18.b3 Nd6 19.g4 Nb4 20.a3 Bxg2 21.Kxg2 Nc6 22.Nb5 f5
23.Rd1 fxg4 24.hxg4 Ne5 25.Kh3 Nxb5 26.Rxd7 Nxd7 27.cxb5 Kf7 28.Nf3 Ke6 29.Ng5+ Kd5
30.Nxh7 c4 31.bxc4+ Kxc4 32.Kh4 Bb2 33.Kg5 Bxa3 34.Kxg6 Bb2 35.g5 Kxb5 36.Kf5 a5
37.g6 a4 38.Bc1 a3 39.g7 Bxg7 40.Bxa3 Nc5 41.Ng5 Kc4 42.Ne6 Nxe6  1/2-1/2

[Event "Trencianske Teplice"]
[Site "Trencianske Teplice"]
[Date "1985.??.??"]
[Round "8"]
[White "Smejkal, Jan"]
[Black "Lechtynsky, Jiri"]
[Result "1/2-1/2"]
[WhiteElo "2565"]
[BlackElo "2450"]

1.c4 g6 2.d4 Nf6 3.Nf3 Bg7 4.g3 O-O 5.Bg2 d6 6.Nc3 Nbd7 7.O-O e5 8.e4 c6
9.h3 Re8 10.b3 h6 11.Rb1 a6 12.Re1 b5 13.d5 cxd5 14.cxd5 Bb7 15.b4 Rc8 16.Qb3 Nb6
17.a4 Qc7 18.Bd2 bxa4 19.Nxa4 Nxe4 20.Nxb6 Nxd2 21.Nxd2 Qxb6 22.Nc4 Qc7 23.Na5 f5
24.Bf1 Kh7 25.Rec1 Qf7 26.Nxb7 Qxb7 27.Rc6 Rxc6 28.dxc6 Qb6 29.Qc4 Rc8 30.Rc1 Rc7
31.g4 e4 32.gxf5 gxf5 33.Qe6 Rxc6 34.Rxc6 Qxc6 35.Bc4 e3 36.Qxf5+ Kh8 37.Bd3 exf2+
38.Kxf2 Kg8 39.Qe6+ Kh8 40.Qf5 Kg8 41.Qe6+ Kh8 42.Qg6 Kg8  1/2-1/2

[Event "Trencianske Teplice"]
[Site "Trencianske Teplice"]
[Date "1985.??.??"]
[Round "13"]
[White "Smejkal, Jan"]
[Black "Pecorelli Garcia, Humberto"]
[Result "0-1"]
[WhiteElo "2565"]
[BlackElo "2430"]

1.Nf3 Nf6 2.c4 g6 3.d4 Bg7 4.g3 O-O 5.Bg2 d6 6.Nc3 Nc6 7.O-O e5 8.d5 Ne7
9.e4 Ne8 10.b4 h6 11.Bd2 f5 12.exf5 Nxf5 13.Rc1 a5 14.bxa5 Rxa5 15.a4 Ra8
16.Qb3 Kh8 17.Rfe1 g5 18.h3 Nf6 19.c5 g4 20.hxg4 Nxg4 21.cxd6 Qe8 22.Nb5 cxd6
23.Bb4 Qg6 24.Qc2 Bd7 25.Bxd6 Rfc8 26.Bc7 Qh5 27.Qd1 Rf8 28.Rxe5 Bxe5 29.Bxe5+ Kg8
30.Bf4 Ne7 31.Rc7 Rad8 32.Qb3 Qxd5 33.Qc2 Bxb5 34.axb5 Qd1+ 35.Qxd1 Rxd1+
36.Bf1 Nd5 37.Rd7 Ra8 38.Bd2 Ndf6 39.Rd4 Raa1 40.Ne1 Rxe1 41.Bxe1 Rxe1 42.Kg2 Kg7
43.Rd6 Re7 44.Rb6 Ne4 45.Bc4 Nexf2 46.Be6 h5 47.Bc8 Re3 48.Rxb7+ Kg6 49.Rb6+ Kg5
50.Re6 Ne4 51.b6 Rxg3+ 52.Kf1 Rf3+ 53.Kg1 Nd2 54.Re2 Rg3+ 55.Rg2 Nf3+ 56.Kf1 Nfh2+
57.Kg1 Rb3  0-1

[Event "SWE-ch"]
[Site "Uppsala"]
[Date "1985.??.??"]
[Round "?"]
[White "Eriksson, Anders"]
[Black "Ernst, Thomas"]
[Result "0-1"]
[WhiteElo "2200"]
[BlackElo "2450"]

1.c4 g6 2.d4 Nf6 3.Nf3 Bg7 4.g3 O-O 5.Bg2 d6 6.O-O Nc6 7.Nc3 a6 8.b3 Rb8
9.a4 a5 10.h3 Bf5 11.Nh4 Bd7 12.e4 Qc8 13.g4 h5 14.f4 hxg4 15.hxg4 Nxe4 16.Bxe4 Bxd4+
17.Kh1 Bxc3 18.Ra2 Bxg4 19.Bf3 Bxf3+ 20.Qxf3 Bf6 21.Rh2 Nd4 22.Qd3 Bxh4 23.Rxh4 Nf5
24.Rh2 Kg7 25.Bb2+ f6 26.Rg2 Rh8+ 27.Kg1 Rh6 28.Kf2 Nh4 29.Qe4 Qd7 30.Rh2 Nf5
31.Rg2 c6 32.Rfg1 d5 33.Rd1 Rd8 34.cxd5 cxd5 35.Qd3 Kf7 36.Rc1 Qd6  0-1

[Event "SWE-ch"]
[Site "Uppsala"]
[Date "1985.??.??"]
[Round "?"]
[White "Ornstein, Axel"]
[Black "Hellers, Ferdinand"]
[Result "1/2-1/2"]
[WhiteElo "2440"]
[BlackElo "2200"]

1.d4 Nf6 2.Nf3 g6 3.c4 Bg7 4.g3 O-O 5.Bg2 d6 6.O-O Nc6 7.Nc3 a6 8.d5 Na5
9.Nd2 c5 10.Qc2 Rb8 11.b3 b5 12.Bb2 Bh6 13.f4 bxc4 14.bxc4 e5 15.dxe6 Bxe6
16.Nd5 Rxb2 17.Qxb2 Bg7 18.Qc2 Bxd5 19.Bxd5 Nxd5 20.cxd5 Bxa1 21.Rxa1 Qf6
22.Rd1 Qd4+ 23.Kg2 Re8 24.e4 f5 25.e5 dxe5 26.Nf3 Qc4 27.Rc1 Qxc2+ 28.Rxc2 exf4
29.Rxc5 Nb7 30.Rc7 Nd6 31.Rc6 Ne4 32.gxf4 Rd8 33.Ng5  1/2-1/2

[Event "Hoogovens-B"]
[Site "Wijk aan Zee"]
[Date "1985.??.??"]
[Round "3"]
[White "Barlov, Dragan"]
[Black "Piket, Jeroen"]
[Result "0-1"]
[WhiteElo "2430"]
[BlackElo "2380"]

1.d4 Nf6 2.c4 g6 3.Nf3 Bg7 4.g3 O-O 5.Bg2 d6 6.O-O Nc6 7.Nc3 a6 8.h3 Rb8
9.e4 b5 10.e5 Nd7 11.cxb5 axb5 12.e6 fxe6 13.d5 Nb4 14.Ng5 Nc5 15.dxe6 Bb7
16.Bxb7 Rxb7 17.Be3 Nbd3 18.Qg4 Ne5 19.Qe2 b4 20.Nd5 c6 21.Nf4 Qa5 22.Rac1 Rb5
23.h4 Bf6 24.Bd4 Qxa2 25.Ra1 Qb3 26.Bxc5 Rxc5 27.Ne4 Rc2 28.Nxf6+ Rxf6 29.Ra8+ Kg7
30.Qa6 Rxf4 31.gxf4 Nf3+  0-1

[Event "Augsburg"]
[Site "Augsburg"]
[Date "1986.??.??"]
[Round "?"]
[White "Hausner, Ivan"]
[Black "Klundt, Klaus"]
[Result "1-0"]
[WhiteElo "2430"]
[BlackElo "2375"]

1.d4 Nf6 2.c4 g6 3.Nf3 Bg7 4.g3 O-O 5.Bg2 d6 6.O-O Nc6 7.Nc3 a6 8.d5 Na5
9.Nd2 c5 10.Qc2 e6 11.dxe6 Bxe6 12.Rd1 Qc7 13.b3 Nc6 14.Bb2 Nd4 15.Qd3 Rad8
16.e3 Bf5 17.Qf1 Nc2 18.Rac1 Nb4 19.e4 Bg4 20.f3 Be6 21.Ba1 Rfe8 22.a3 Nc6
23.Nd5 Bxd5 24.cxd5 Nb8 25.b4 Nbd7 26.Bh3 b5 27.Nb3 c4 28.Na5 Nb8 29.Qf2 Nfd7
30.Bxg7 Kxg7 31.Qd4+ f6 32.Kg2 Re7 33.a4 Qb6 34.axb5 axb5 35.Qxb6 Nxb6 36.Be6 Kf8
37.Kf2 Ra7 38.Ke3 Re8 39.Ra1 Ree7 40.Kd4 Rec7 41.Rdc1 Ke7 42.f4 Na4 43.Bg4 Nb6
44.h4 Kd8 45.Ra3 Ke7 46.h5 Kf7 47.hxg6+ hxg6 48.Rh1 Kg7 49.Ra2 N6d7 50.Rah2 Nf8
51.Be6 Nbd7 52.Kc3 f5 53.exf5 Nf6 54.fxg6 Nxe6 55.dxe6 Nd5+ 56.Kd4 Nxb4 57.Rb1 Kxg6
58.Rxb4 Rxa5 59.Kd5 c3 60.Rc2 Kf6 61.Kxd6 Re7 62.Rxc3 Rxe6+ 63.Kd5 Raa6 64.Rxb5 Rad6+
65.Kc4 Rc6+ 66.Rc5 Rxc5+ 67.Kxc5 Kf5 68.Kd5 Re8 69.Rc5 Kg4 70.Kd6  1-0

[Event "Baku"]
[Site "Baku"]
[Date "1986.??.??"]
[Round "?"]
[White "Sideif Sade, Fikret I"]
[Black "Kallai, Gabor"]
[Result "1-0"]
[WhiteElo "2360"]
[BlackElo "2400"]

1.d4 Nf6 2.c4 g6 3.Nf3 Bg7 4.g3 O-O 5.Bg2 d6 6.O-O c6 7.Nc3 Nbd7 8.Qc2 e5
9.Rd1 Qe7 10.e4 exd4 11.Nxd4 Re8 12.Bf4 Ne5 13.b3 a6 14.h3 Rb8 15.Rac1 Nh5
16.Be3 Nf6 17.f4 Ned7 18.Qf2 c5 19.Nc2 b5 20.cxb5 axb5 21.b4 Bb7 22.bxc5 Nxc5
23.Bxc5 dxc5 24.e5 Nh5 25.Ne3 Bxg2 26.Qxg2 f6 27.Ncd5 Qa7 28.g4 Nxf4 29.Nxf4 c4
30.Qf2 Bh6 31.Nfd5 Rxe5 32.Nxf6+ Kh8 33.Rd7 Qxd7 34.Nxd7 Bxe3 35.Nxe5 Bxf2+
36.Kxf2 Ra8 37.Rc2  1-0

[Event "Biel-JMT"]
[Site "Biel"]
[Date "1986.??.??"]
[Round "?"]
[White "Csom, Istvan"]
[Black "Zueger, Beat"]
[Result "1/2-1/2"]
[WhiteElo "2505"]
[BlackElo "2425"]

1.Nf3 d6 2.d4 Nf6 3.g3 g6 4.Bg2 Bg7 5.c4 O-O 6.Nc3 Nc6 7.O-O e5 8.dxe5 dxe5
9.Bg5 Be6 10.Nd2 h6 11.Bxf6 Bxf6 12.Nd5 Bg7 13.Ne4 Bf5 14.Nc5 Rb8 15.Qa4 Qd6
16.b4 Nd4 17.Nc3 a5 18.a3 c6  1/2-1/2

[Event "Budapest Spring op"]
[Site "Budapest"]
[Date "1986.??.??"]
[Round "?"]
[White "King, Daniel J"]
[Black "Gruenberg, Hans Ulrich"]
[Result "1-0"]
[WhiteElo "2435"]
[BlackElo "2460"]

1.d4 Nf6 2.Nf3 g6 3.g3 Bg7 4.Bg2 O-O 5.c4 d6 6.O-O a6 7.Nc3 Nc6 8.h3 Rb8
9.e4 b5 10.cxb5 axb5 11.Re1 b4 12.Nd5 Bd7 13.Bg5 Re8 14.Qd2 Nxd5 15.exd5 Na5
16.Rac1 Rb5 17.Nh2 f6 18.Bf4 e5 19.dxe6 Rxe6 20.Rxe6 Bxe6 21.Qe2 Bd7 22.h4 Rb6
23.Qc2 b3 24.Qc3 Nc6 25.Bd5+ Kh8 26.Bxb3 g5 27.hxg5 Nxd4 28.Qxc7 Qxc7 29.Rxc7 Bh3
30.Re7 Rb8 31.Bd5 fxg5 32.Bxg5 h6 33.Bf4 Rxb2 34.Nf3 Ne2+ 35.Kh2 Nxf4 36.Re8+ Bf8
37.Rxf8+  1-0

[Event "FRA-chB"]
[Site "Epinal"]
[Date "1986.??.??"]
[Round "5"]
[White "Benoit, Michel"]
[Black "Apicella, Manuel"]
[Result "1/2-1/2"]
[WhiteElo "2235"]
[BlackElo "2285"]

1.d4 Nf6 2.Nf3 g6 3.c4 Bg7 4.g3 O-O 5.Bg2 d6 6.O-O Nbd7 7.Qc2 e5 8.dxe5 dxe5
9.Rd1 Re8 10.e4 c6 11.h3 Qc7 12.a3 a5 13.Be3 a4 14.c5 Bf8 15.Nbd2 Nh5 16.b4 axb3
17.Nxb3 b5 18.cxb6 Nxb6 19.Nc5 Nd7 20.a4 Nxc5 21.Bxc5 Ra5 22.Be3 Ng7 23.Nd2 Ne6
24.Nb3 Ra8 25.Rdc1 Bd7 26.a5 c5 27.Bf1 Rec8 28.h4 h5 29.Bc4  1/2-1/2

[Event "FRA-ch"]
[Site "Epinal"]
[Date "1986.??.??"]
[Round "7"]
[White "Adrian, Claude"]
[Black "Belkhodja, Slim"]
[Result "1-0"]
[WhiteElo "2320"]
[BlackElo "2330"]

1.Nf3 Nf6 2.c4 d6 3.d4 g6 4.g3 Bg7 5.Bg2 O-O 6.O-O Nbd7 7.Qc2 e5 8.Rd1 Re8
9.e4 Qe7 10.Nc3 c6 11.b3 exd4 12.Nxd4 Nc5 13.f3 a5 14.Be3 Nfd7 15.Bf2 h5
16.h3 h4 17.g4 Be5 18.Qd2 Qf6 19.g5 Qh8 20.f4 Bg7 21.Rac1 Nf8 22.Nde2 Qh5
23.Qxd6 Nxe4 24.Bxe4 Rxe4 25.Nxe4 Bxh3 26.Qd3 Qg4+ 27.N2g3 Rd8 28.Qe2 Rxd1+
29.Rxd1 hxg3 30.Nxg3 Qxf4 31.Qe3 Qc7 32.Ne4 Bg4 33.Bg3 Qe7 34.Bd6 Qe6 35.Rd2 Nd7
36.Bc7 a4 37.Bd8 axb3 38.axb3 Be5 39.Bf6 Nxf6 40.Nxf6+ Bxf6 41.Qxe6 Bxe6
42.gxf6 b5 43.cxb5 cxb5 44.b4 g5 45.Rg2 g4 46.Rh2 Bf5 47.Rh5 Be4 48.Kf2 Bd3
49.Ke3 Bf1 50.Rf5 Bc4 51.Rg5+ Kf8 52.Rxg4 Be6  1-0

[Event "FRA-ch"]
[Site "Epinal"]
[Date "1986.??.??"]
[Round "8"]
[White "Miralles, Gilles"]
[Black "Belkhodja, Slim"]
[Result "1-0"]
[WhiteElo "2410"]
[BlackElo "2330"]

1.d4 Nf6 2.c4 d6 3.Nf3 g6 4.g3 Bg7 5.Bg2 O-O 6.O-O Nbd7 7.Nc3 e5 8.e4 c6
9.h3 Qa5 10.Be3 exd4 11.Nxd4 Ne5 12.Nb3 Qc7 13.Nd2 Be6 14.Qe2 Ned7 15.Rac1 Rfe8
16.Kh2 Qa5 17.f4 Nb6 18.a3 Rad8 19.Bg1 Qa6 20.Na2 Bc8 21.Nb4 Qa4 22.Qf3 Nh5
23.Nd3 Be6 24.f5 Bc8 25.g4 Nf6 26.e5 Nfd7 27.exd6 Ne5 28.Nxe5 Bxe5+ 29.Kh1 gxf5
30.gxf5 Bxb2 31.Qg4+ Bg7 32.Bd4 f6 33.Bxf6 Rd7 34.Rce1 Rf8 35.Re7  1-0

[Event "FRA-chB"]
[Site "Epinal"]
[Date "1986.??.??"]
[Round "10"]
[White "Corgeron, JL."]
[Black "Dieu, Bruno"]
[Result "1/2-1/2"]
[WhiteElo "2160"]
[BlackElo "2080"]

1.d4 Nf6 2.Nf3 g6 3.g3 Bg7 4.Bg2 O-O 5.c4 d6 6.O-O Nbd7 7.Nc3 e5 8.h3 Re8
9.Be3 c6 10.Rc1 a6 11.dxe5 dxe5 12.Qc2 Qe7 13.Rfd1 a5 14.Na4 h5 15.Bg5 Nc5
16.Nxc5 Qxc5 17.e4 Nh7 18.Be3 Qe7 19.c5 Be6 20.Rd6 a4 21.a3 Nf8 22.Bf1 Qc7
23.Qd3 Nh7 24.Qd2 Qa5 25.Rc3 Bf8 26.Rdd3 Nf6 27.Ng5 Bb3 28.Bg2 Red8 29.f4 Rxd3
30.Qxd3 Rd8 31.Qe2 exf4 32.gxf4 Qc7 33.Bf3 Rd1+ 34.Kg2 Rb1 35.Qd2 Nh7 36.Nxh7 Kxh7
37.e5 Qa5 38.Be4 Bd5 39.Bxd5 cxd5 40.Qc2 Ra1  1/2-1/2

[Event "Troll Masters"]
[Site "Gausdal"]
[Date "1986.??.??"]
[Round "?"]
[White "Heiberg, T."]
[Black "Johannessen, Svein"]
[Result "1/2-1/2"]
[WhiteElo "2255"]
[BlackElo "2370"]

1.d4 Nf6 2.c4 g6 3.Nf3 Bg7 4.g3 O-O 5.Bg2 d6 6.Nc3 Nbd7 7.O-O e5 8.h3 c6
9.e4 Re8 10.d5 cxd5 11.cxd5 Nc5 12.Ne1 a5 13.Nd3 b6 14.Re1 Nxd3 15.Qxd3 Nd7
16.Be3 Nc5 17.Qc2 Bd7  1/2-1/2

[Event "Wch U20"]
[Site "Gausdal"]
[Date "1986.??.??"]
[Round "3"]
[White "Horvath, Csaba"]
[Black "Rechlis, Gad"]
[Result "1-0"]
[WhiteElo "2360"]
[BlackElo "2430"]

1.d4 Nf6 2.c4 g6 3.Nf3 Bg7 4.g3 O-O 5.Bg2 d6 6.O-O Nbd7 7.Nc3 e5 8.e4 a6
9.d5 h6 10.Bd2 Kh7 11.Qc2 Nh5 12.b3 Qe7 13.Bh3 c5 14.dxc6 bxc6 15.Rad1 Nc5
16.Bxc8 Raxc8 17.Be3 Ne6 18.Qd3 Qf6 19.Qe2 Rfd8 20.Rd3 Bf8 21.Rfd1 Re8 22.b4 Rb8
23.Rb1 Nc7 24.a4 Qe6 25.Nd2 Nf6 26.Qf3 Red8 27.b5 axb5 28.axb5 cxb5 29.cxb5 d5
30.b6 d4 31.bxc7 Rxb1+ 32.Ndxb1 Rc8 33.Nd5 Nxd5 34.exd5 Qe8 35.Bxd4 exd4
36.Rxd4 Rxc7 37.Kg2 Bg7 38.Rd1 Qe5 39.Nd2 Rc3 40.Qe4 Qf6 41.Nc4 Qa6 42.Ne3 Qe2
43.Rb1 Qd3 44.Qxd3 Rxd3 45.Kf3 f5 46.Rd1 Rxd1 47.Nxd1 Bd4 48.Ke2 Kg7 49.Kd3 Ba7
50.Kc4 Kf6 51.Kb5 Ke5 52.Kc6 Ke4 53.d6 Bd4 54.d7 Bf6 55.Kc7 Kf3 56.d8=Q Bxd8+
57.Kxd8 Ke2 58.Ke7 g5 59.Kf6 f4 60.gxf4 gxf4 61.Ke5  1-0

[Event "EU-ch U20"]
[Site "Groningen"]
[Date "1986.??.??"]
[Round "?"]
[White "Ninov, Kiril"]
[Black "McDonald, Neil R"]
[Result "1-0"]
[WhiteElo "2315"]
[BlackElo "2495"]

1.Nf3 Nf6 2.g3 g6 3.Bg2 Bg7 4.d4 O-O 5.c4 d6 6.O-O Nbd7 7.Nc3 e5 8.e4 c6
9.h3 Qb6 10.c5 dxc5 11.dxe5 Ne8 12.Na4 Qb4 13.Bd2 Qxe4 14.Re1 Qf5 15.g4 Qd3
16.Bf1 Qd5 17.Nc3 Qe6 18.Ng5 Qe7 19.e6 fxe6 20.Nxe6 Ne5 21.Nxf8 Qxf8 22.f4 Nf7
23.Qe2 Ned6 24.Rad1 b5 25.Bg2 b4 26.Na4 a5 27.Nxc5 Bxb2 28.Bxc6 Ra7 29.Bg2 Bf6
30.Qd3 Bh4 31.Re2 Rc7 32.Be3 Bf6 33.Bf2 Bc3 34.Ne6 Bxe6 35.Rxe6 Nc4 36.Qe2 Kg7
37.Re8  1-0

[Event "ISL-ch"]
[Site "Grundarfjordur"]
[Date "1986.??.??"]
[Round "2"]
[White "Thorsteins, Karl"]
[Black "Thorhallsson, Throstur"]
[Result "0-1"]
[WhiteElo "2445"]
[BlackElo "2245"]

1.d4 Nf6 2.Nf3 g6 3.c4 Bg7 4.g3 O-O 5.Bg2 d6 6.Nc3 Nbd7 7.O-O e5 8.e4 h6
9.h3 Kh7 10.Be3 Qe7 11.Qc2 c6 12.Rad1 exd4 13.Nxd4 Nc5 14.Rfe1 Re8 15.Bf4 Nfd7
16.Be3 Nf6 17.b4 Ne6 18.f4 Nh5 19.Nde2 Nc7 20.g4 Nf6 21.Bf3 a5 22.b5 Bd7
23.Qd3 Bf8 24.Kg2 Bc8 25.bxc6 bxc6 26.e5 dxe5 27.Bxc6 Rb8 28.fxe5 Qxe5 29.Bf4 Qc5
30.Bxe8 Bb7+ 31.Kg3 Rxe8 32.Nc1 Ne6 33.Be5 Ng5 34.Nb3 Qb6 35.Qd4 Qc6 36.Nd5 Nxd5
37.cxd5 Qc2 38.h4 Rxe5 39.Qxe5 Bd6 40.Qxd6 Qc3+ 41.Kf2 Qf3+ 42.Kg1 Qxg4+
43.Kf2 Qf3+ 44.Kg1 Nh3+ 45.Kh2 Nf4 46.Rd2 Qh3+ 47.Kg1 Qg3+ 48.Kf1 Bxd5 49.Ree2 Qf3+
50.Ke1 Qh1+ 51.Kf2 Qh2+ 52.Kf1 Bc4 53.Qc6 Bxe2+ 54.Rxe2 Qxe2+ 55.Kg1 Qe1+  0-1

[Event "Helsinki"]
[Site "Helsinki"]
[Date "1986.??.??"]
[Round "8"]
[White "Hansen, Curt"]
[Black "Westerinen, Heikki MJ"]
[Result "1-0"]
[WhiteElo "2510"]
[BlackElo "2390"]

1.d4 Nf6 2.c4 g6 3.Nf3 Bg7 4.g3 O-O 5.Bg2 d6 6.O-O c6 7.Nc3 Qa5 8.h3 Be6
9.Nd2 Na6 10.a3 Rfb8 11.e3 Qd8 12.Qe2 c5 13.d5 Bd7 14.e4 e6 15.dxe6 fxe6
16.e5 dxe5 17.Nf3 Bc6 18.Nxe5 Bxg2 19.Kxg2 Qb6 20.Bg5 Rf8 21.Rad1 Nc7 22.Na4 Qa5
23.b3 b6 24.Bxf6 Bxf6 25.Nd7 Bd4 26.Nxf8 Rxf8 27.Rd3 e5 28.Qe4 b5 29.Nxc5 bxc4
30.b4 Qb5 31.Rf3 Rxf3 32.Qxf3 a5 33.Qf6 Qe8 34.Qd6 Qf7 35.bxa5 c3 36.Ne4 Kg7
37.a6 Nb5 38.Qc6 Qb3 39.Qb7+ Kf8 40.Nd6  1-0

[Event "Jajce (Women)"]
[Site "Jajce"]
[Date "1986.??.??"]
[Round "7"]
[White "Akhmilovskaya, Elena"]
[Black "Voiska, Margarita"]
[Result "1-0"]
[WhiteElo "2290"]
[BlackElo "2245"]

1.Nf3 Nf6 2.g3 g6 3.Bg2 Bg7 4.c4 d6 5.d4 O-O 6.O-O Nbd7 7.Nc3 e5 8.e4 a6
9.Re1 exd4 10.Nxd4 Ne5 11.b3 c5 12.Nc2 Ne8 13.Bd2 Rb8 14.Qe2 b5 15.Nd5 bxc4
16.bxc4 Bg4 17.f3 Rb2 18.Nde3 Be6 19.Na3 Nc6 20.f4 Bc3 21.Bxc3 Rxe2 22.Rxe2 Nd4
23.Rd2 Ng7 24.Nac2 Nxc2 25.Rxc2 Bd7 26.Rd2 Ne6 27.Rxd6 Nd4 28.Bxd4 cxd4 29.Nd5 Kg7
30.e5 d3 31.Nf6 Qc7 32.Rxd7 Qxc4 33.Rd1 Rb8 34.Bd5 Qc5+ 35.Kh1 Rf8 36.Bb3 Qc6+
37.Kg1 Qc5+ 38.Kg2 g5 39.R1xd3 Qc6+ 40.Kh3 Qc1 41.Rd1 Qe3 42.Ng4 Qe4 43.fxg5 Qf5
44.e6 Qxg5 45.R1d4  1-0

[Event "Jajce (Women)"]
[Site "Jajce"]
[Date "1986.??.??"]
[Round "8"]
[White "Cejic, Dusica"]
[Black "Nikolin, Zorica"]
[Result "1/2-1/2"]
[WhiteElo "2050"]
[BlackElo "2165"]

1.Nf3 Nf6 2.c4 g6 3.g3 Bg7 4.Bg2 d6 5.d4 O-O 6.O-O Nc6 7.Nc3 Bg4 8.h3 Bxf3
9.Bxf3 Nd7 10.e3 e5 11.d5 Ne7 12.e4 f5 13.Bg2 a5 14.Rb1 Nc5 15.b3 Nc8 16.a3 Nb6
17.Qc2 a4 18.b4 Nb3 19.Ne2 Nd7 20.Qd3 Qe7 21.Bb2 f4 22.Rbd1 b6 23.Bf3 h5
24.Kg2 Rf7 25.g4 Qh4 26.Rh1 Bf6 27.Rdg1 Bg5 28.Kf1 Rg7 29.Ke1 Rf8  1/2-1/2

[Event "Jajce (Women)"]
[Site "Jajce"]
[Date "1986.??.??"]
[Round "9"]
[White "Akhmilovskaya, Elena"]
[Black "Petrovic, Marija"]
[Result "1-0"]
[WhiteElo "2290"]
[BlackElo "2110"]

1.d4 g6 2.Nf3 Bg7 3.c4 d6 4.g3 Nf6 5.Bg2 O-O 6.O-O Nc6 7.d5 Na5 8.Nfd2 c5
9.a3 b6 10.b4 Nb7 11.Bb2 Bd7 12.Nc3 Qc8 13.e4 Ng4 14.Qe2 e5 15.h3 Nh6 16.Kh2 f5
17.exf5 gxf5 18.f4 e4 19.Nd1 Bxb2 20.Nxb2 Qe8 21.Nd1 Qg6 22.Ne3 Rf7 23.Rg1 Rg7
24.Bf1 Kh8 25.Qf2 Rag8 26.Be2 Qf6 27.Ra2 Qd4 28.Ndf1 a6 29.Qe1 b5 30.Rg2 Ra8
31.cxb5 axb5 32.Bd1 Ng8 33.g4 fxg4 34.hxg4 Ne7 35.Ng3 Nxd5 36.Nxd5 Qxd5 37.Nh5 Rf7
38.Rad2 Qe6 39.Qe3 Kg8 40.g5 Kf8 41.Kg1 cxb4 42.axb4 Ra1 43.Kh2 d5 44.Qc3 Ra6
45.Bg4 Qd6 46.Bxd7 Qxd7 47.Qh8+ Ke7 48.Nf6 Raxf6 49.gxf6+ Ke6 50.Rg5 Qc7
51.Re5+ Kd7 52.Qe8+  1-0

[Event "Jerusalem"]
[Site "Jerusalem"]
[Date "1986.??.??"]
[Round "?"]
[White "Kortschnoj, Viktor"]
[Black "Murrey, Jacob"]
[Result "0-1"]
[WhiteElo "2650"]
[BlackElo "2490"]

1.Nf3 g6 2.d4 Bg7 3.c4 Nf6 4.g3 O-O 5.Bg2 d6 6.O-O Nc6 7.Nc3 Bf5 8.Re1 Ne4
9.Nd5 Bd7 10.Qc2 f5 11.Rd1 e6 12.Nc3 Nxc3 13.bxc3 Qe8 14.Nd2 e5 15.Nb3 e4
16.c5 d5 17.Bf4 Rc8 18.f3 h6 19.fxe4 fxe4 20.h4 Ne7 21.c4 c6 22.cxd5 cxd5
23.Qc3 Bg4 24.Rd2 Nf5 25.Rf1 Qa4 26.Kh2 Bf6 27.e3 g5 28.hxg5 hxg5 29.Be5 Qd7
30.Rdf2 b6 31.Kg1 Bxe5 32.dxe5 bxc5 33.Rc1 Qe7 34.Nxc5 Rc7 35.e6 Qd6 36.Rd2 Qxg3  0-1

[Event "Lauda MA"]
[Site "Lauda"]
[Date "1986.??.??"]
[Round "2"]
[White "Schuh, Hubert"]
[Black "Reinhardt, Bernd"]
[Result "1/2-1/2"]
[WhiteElo "2290"]
[BlackElo "2275"]

1.d4 Nf6 2.c4 g6 3.g3 Bg7 4.Bg2 O-O 5.Nf3 d6 6.O-O Nbd7 7.Qc2 c6 8.Nc3 Qc7
9.Rd1 e5 10.e4 Re8 11.b3 a5 12.Rb1 exd4 13.Nxd4 Nc5 14.f3 Bd7 15.Nde2 Rad8
16.Be3 Bc8 17.Bf2 Qe7 18.a3 Ncd7 19.Qd2 Bf8 20.Nf4 h6 21.Nd3 Bg7 22.Na4 d5
23.exd5 cxd5 24.c5 Nb8 25.Qxa5 Nc6 26.Qe1 Qc7 27.Qf1 d4 28.Nb6 Bf5 29.Nc4 Nd5
30.Nd6 Rxd6 31.cxd6 Qxd6 32.g4 Be6 33.b4  1/2-1/2

[Event "BKL-Turnier"]
[Site "Leipzig"]
[Date "1986.??.??"]
[Round "1"]
[White "Danailov, Silvio"]
[Black "Casper, Thomas"]
[Result "1/2-1/2"]
[WhiteElo "2425"]
[BlackElo "2430"]

1.d4 Nf6 2.c4 d6 3.Nf3 g6 4.g3 Bg7 5.Bg2 O-O 6.O-O Nbd7 7.Nc3 e5 8.e4 c6
9.b3 Re8 10.h3 a6 11.d5 cxd5 12.cxd5 b5 13.Re1 Nb6 14.a3 Bd7 15.Be3 Qb8 16.Nd2 Rc8
17.Rc1 Ne8 18.g4 a5 19.Rc2 Qb7 20.Qb1 f5 21.f3 a4 22.Rec1  1/2-1/2

[Event "BKL-Turnier"]
[Site "Leipzig"]
[Date "1986.??.??"]
[Round "11"]
[White "Stohl, Igor"]
[Black "Schoeneberg, Manfred"]
[Result "1-0"]
[WhiteElo "2465"]
[BlackElo "2360"]

1.Nf3 g6 2.c4 Bg7 3.d4 Nf6 4.g3 O-O 5.Bg2 d6 6.Nc3 Nc6 7.d5 Na5 8.Nd2 c5
9.O-O a6 10.Rb1 Bd7 11.b3 b5 12.Bb2 b4 13.Nce4 Nxe4 14.Bxe4 Nb7 15.Bxg7 Kxg7
16.f4 a5 17.Qc2 a4 18.f5 axb3 19.axb3 Ra3 20.Rf2 Qa5 21.Rbf1 f6 22.fxg6 Ra2
23.Qd3 h6 24.Qe3 Qd8 25.Rf4 Na5 26.Bd3 Rb2 27.Re4 Re8 28.Rff4 f5 29.Rh4  1-0

[Event "Malmo op"]
[Site "Malmo"]
[Date "1986.??.??"]
[Round "?"]
[White "Lekander, Rolf"]
[Black "Ernst, Thomas"]
[Result "0-1"]
[WhiteElo "2295"]
[BlackElo "2455"]

1.Nf3 Nf6 2.d4 g6 3.g3 Bg7 4.Bg2 O-O 5.c4 d6 6.O-O Nc6 7.Nc3 a6 8.b3 Rb8
9.Bb2 b5 10.cxb5 axb5 11.Rc1 b4 12.Nb1 Na7 13.Qc2 c6 14.Ne1 Qa5 15.Nd2 Qh5
16.Nc4 Bh3 17.Nd3 Bh6 18.e3 Ng4 19.Rfe1 Bxg2 20.Kxg2 Qxh2+ 21.Kf3 Qh3 22.Rh1 Nh2+
23.Ke2 Qh5+ 24.g4 Qxg4+ 25.Ke1 Nf3+ 26.Kf1 Bg7 27.Qe2 Rb5 28.Ne1 Rh5 29.Qxf3 Qxf3
30.Nxf3 Rxh1+ 31.Ke2 Rxc1  0-1

[Event "Marseille"]
[Site "Marseille"]
[Date "1986.??.??"]
[Round "?"]
[White "Smejkal, Jan"]
[Black "Gulko, Boris F"]
[Result "1/2-1/2"]
[WhiteElo "2540"]
[BlackElo "2520"]

1.c4 g6 2.d4 Nf6 3.Nf3 Bg7 4.g3 O-O 5.Bg2 d6 6.Nc3 Nc6 7.O-O Bf5 8.b3 Ne4
9.Bb2 Nxc3 10.Bxc3 Be4 11.Rc1 d5 12.e3 Qd7 13.Qe2 Rad8 14.Rfd1 Rfe8 15.Bf1 e5
16.Nxe5 Bxe5 17.dxe5 Nxe5 18.Bg2 Qf5 19.Bxe5 Bxg2 20.Kxg2 Qxe5 21.cxd5 Rxd5
22.Qc4 Rxd1 23.Rxd1  1/2-1/2